| 000 | 00722nam a2200253Ia 4500 | ||
|---|---|---|---|
| 003 | OSt | ||
| 005 | 20221005083312.0 | ||
| 006 | a|||||r|||| 00| 0 | ||
| 007 | ta | ||
| 008 | 221004b |||||||| |||| 00| 0 eng d | ||
| 020 | _a8185565295 | ||
| 024 | _a23169 | ||
| 037 | _cTextual | ||
| 040 |
_aCRL _cCRL _beng |
||
| 041 |
_2eng _aeng |
||
| 082 | _aSigma:(R2), N3 | ||
| 100 | _aBava Noorjahan | ||
| 245 | 0 |
_aDevelopment and the social science method _b An interdisciplinary and Global approach |
|
| 260 |
_aNew Delhi _bUppal Publishing House India _c1993 |
||
| 300 |
_a256p. _ccm. |
||
| 650 | _aSOCIAL SCIENCES | ||
| 942 |
_hSigma:(R2), N3 _cTEXL _2cc |
||
| 999 |
_c990623 _d990623 |
||